Most popular songs of animators on YouTube - Statistics

General Stats
  • This quiz has been taken 13 times
  • The average score is 4 of 11
Answer Stats
Animator Song Links to songs (not rickrolls!) % Correct
TheOdd1sout Life is Fun https://www.youtube.com/watch?v=CAb_bCtKuXg
91%
JaidenAnimations Empty https://www.youtube.com/watch?v=36QMyiRAv-Y
73%
SomethingElseyt I'm Something Else https://www.youtube.com/watch?v=5IbiEyZXOBk
64%
Illymation Beautiful? https://www.youtube.com/watch?v=XjTxpLeRLDE
45%
Haminations Who I Am https://www.youtube.com/watch?v=XowKNqJYFmc
45%
Boyinaband Don't Stay in School https://www.youtube.com/watch?v=8xe6nLVXEC0
36%
Tabbes Diss Track https://www.youtube.com/watch?v=8pgx3bS5d_E
18%
Let Me Explain Studios Bei Mir Bist Du Schoen https://www.youtube.com/watch?v=OZHzDwK18sQ
9%
Alex Clark I'm In a Freaking Music Video https://www.youtube.com/watch?v=NZ0mf81oyl0
9%
Chipflake Chipflake Full Animated Intro https://www.youtube.com/watch?v=eIobkDbrypg
0%
GingerPale Schnitzel https://www.youtube.com/watch?v=OfjOcoCFT4Y
0%
No matching quizzes found
Score Distribution
Percent of People with Each Score
Percentile by Number Answered
Your Score History
You have not taken this quiz